000 01258cam a2200373 i 4500
001 200468095
003 TR-AnTOB
005 20260414085636.0
007 ta
008 260414r19681927nyu 000 1 eng
010 _a 27018771
035 _a2162510
035 _a(TR-AnTOB)200468095
040 _aDLC
_beng
_erda
_cMB
_dDLC
_dOCoLC
_dTR-AnTOB
041 0 _aeng
043 _an-us-nm
050 0 4 _aPS3505.A87
_bD4 1968
090 _aPS3505.A87
_bD4 1968
100 1 _aCather, Willa,
_d1873-1947
_eauthor
_4aut
_9153515
245 1 0 _aDeath comes for the archbishop /
_cWilla Cather.
264 1 _aNew York :
_bAlfred A. Knopf,
_c1968.
300 _a298 pages ;
_c20 cm
336 _atext
_btxt
_2rdacontent
337 _aunmediated
_bn
_2rdamedia
338 _avolume
_bnc
_2rdacarrier
650 0 _aClergy
_vFiction
_936620
651 0 _aNew Mexico
_vFiction
_9153627
655 7 _aHistorical fiction
_2lcgft
_95021
_bhttps://id.loc.gov/authorities/genreForms/gf2014026370
655 7 _aChristian fiction
_2lcgft
_95478
_bhttps://id.loc.gov/authorities/genreForms/gf2020026050
655 7 _aFiction
_2lcgft
_0https://id.loc.gov/authorities/genreForms/gf2014026339
_9151487
942 _2lcc
_cBK
999 _c200468095
_d86307